000 00564nam a2200229Ia 4500
003 OSt
005 20221005133006.0
006 a|||||r|||| 00| 0
007 ta
008 221004b |||||||| |||| 00| 0 kan d
024 _a59765
037 _cTextual
040 _aCRL
_cCRL
_bkan
041 _2kan
_akan
082 _aO33,1NMA,1, J0
100 _aMahadevaya T N Au.
_9641912
245 0 _aVeena
260 _c1950
650 _aKANNAD POETRY
942 _hO33,1NMA,1, J0
_cTEXL
_2cc
999 _c1065406
_d1065406